[Event "Accession A 2012/2013"]
[Site "Vitrolles"]
[Date "2012.10.06"]
[Round "1"]
[White "Bouillot, Quentin"]
[Black "Estevez, Ange"]
[Result "1-0"]
[WhiteElo "1692"]
[BlackElo "1628"]
[PlyCount "55"]

1. d4 e5 2. d5 Bc5 3. e4 Nf6 4. Nc3 a6 5. Nf3 Ng4 6. Be3 Bxe3 7. fxe3 Nxe3 8.
Qd3 Nxf1 9. Rxf1 d6 10. O-O-O Bg4 11. h3 Bh5 12. g4 Bg6 13. h4 h6 14. Rg1 Nd7
15. h5 Bh7 16. g5 Nc5 17. Qe3 hxg5 18. Nxg5 Bg8 19. Rdf1 Qe7 20. Nxf7 Bxf7 21.
Rxg7 O-O-O 22. Rfxf7 Qh4 23. Rxc7+ Kb8 24. b4 Qf4 25. Qxf4 exf4 26. bxc5 f3 27.
Rxb7+ Ka8 28. Na4 1-0

[Event "Accession A 2012/2013"]
[Site "Vitrolles"]
[Date "2012.10.06"]
[Round "1"]
[White "Montanelli, Tristan"]
[Black "Urcun, Gael"]
[Result "1-0"]
[WhiteElo "1678"]
[BlackElo "1689"]
[PlyCount "117"]

1. e3 e5 2. c4 Nf6 3. Nc3 Be7 4. Qc2 O-O 5. Nf3 Nc6 6. a3 a5 7. b3 d5 8. cxd5
Nxd5 9. Bb2 Bg4 10. Be2 Nxc3 11. Bxc3 Bf6 12. O-O Re8 13. d3 Qe7 14. Rfd1 Nd4
15. Nxd4 exd4 16. Bxg4 dxc3 17. d4 c5 18. Qxc3 cxd4 19. exd4 Rad8 20. Re1 Qd6
21. Rxe8+ Rxe8 22. Qxa5 Qxd4 23. Re1 Rxe1+ 24. Qxe1 Qa1 25. Qxa1 Bxa1 26. Kf1
f6 27. h4 h6 28. Bf5 g5 29. h5 Kf7 30. Ke2 Bd4 31. f3 Ke7 32. Kd3 Bb2 33. a4
Kd6 34. Kc4 Ke5 35. g4 Bd4 36. a5 Ba7 37. Be4 b6 38. axb6 Bxb6 39. Kb5 Ba7 40.
Kc6 Ke6 41. b4 Ke7 42. Kc7 Bd4 43. b5 Be5+ 44. Kb7 Kd8 45. b6 Bd4 46. Kc6 Be5
47. Bf5 Bf4 48. Kd5 Ke7 49. b7 Be5 50. Ke4 Kf8 51. Be6 Bf4 52. Kf5 Kg7 53. Bd5
Be5 54. Ke6 Kf8 55. Kd7 Kg7 56. Kc8 f5 57. b8=Q Bxb8 58. Kxb8 fxg4 59. fxg4 1-0

[Event "Accession A 2012/2013"]
[Site "Vitrolles"]
[Date "2012.10.06"]
[Round "1"]
[White "Bertrand, Alexandre"]
[Black "Tchifteyan, Philippe"]
[Result "1-0"]
[WhiteElo "1764"]
[BlackElo "1645"]
[PlyCount "85"]

1. e4 c5 2. Nf3 Nc6 3. d4 cxd4 4. Nxd4 d6 5. c4 e6 6. Nc3 Nf6 7. Be3 Be7 8. Be2
a6 9. O-O Bd7 10. f4 O-O 11. Kh1 h6 12. Nb3 b6 13. Qe1 Qc7 14. g4 Nb4 15. Qf2
Rab8 16. Rac1 Bc6 17. Qg2 Qb7 18. Bf3 d5 19. cxd5 exd5 20. exd5 Nfxd5 21. Nxd5
Bxd5 22. Bxd5 Qxd5 23. Qxd5 Nxd5 24. Bd4 Bf6 25. Bxf6 Nxf6 26. h3 Ne4 27. Kg2
Rfd8 28. Rfd1 Rxd1 29. Rxd1 Rc8 30. Rc1 Rxc1 31. Nxc1 g6 32. Nd3 Kg7 33. Kf3
Nd2+ 34. Ke3 Nc4+ 35. Kd4 Nd2 36. Kd5 f5 37. gxf5 gxf5 38. Kc6 Nf3 39. Kxb6 Ng1
40. h4 Kg6 41. Kxa6 Nf3 42. b4 Nxh4 43. b5 1-0

[Event "Accession A 2012/2013"]
[Site "Vitrolles"]
[Date "2012.10.06"]
[Round "1"]
[White "Del Vecchio, Alain"]
[Black "Valette, Patrick"]
[Result "0-1"]
[WhiteElo "1767"]
[BlackElo "1800"]
[PlyCount "124"]

1. d4 Nf6 2. Nf3 e6 3. e3 b6 4. Bd3 Bb7 5. O-O Be7 6. b3 O-O 7. Bb2 d5 8. Nbd2
Nbd7 9. Ne5 Ne4 10. f4 Ndf6 11. Qe2 Nxd2 12. Qxd2 Ne4 13. Qe2 f6 14. Ng4 Bd6
15. Rf3 f5 16. Nf2 Rf6 17. Rh3 Qe8 18. Kh1 Qf7 19. Rg1 Rg6 20. Nxe4 dxe4 21.
Bc4 Bd5 22. Ba6 Rb8 23. c4 Bb7 24. Bxb7 Rxb7 25. g4 Rxg4 26. Rxg4 fxg4 27. Qxg4
Rb8 28. Rg3 g6 29. h4 Qf5 30. Qe2 Be7 31. Qg4 Qxg4 32. Rxg4 Kf7 33. Kh2 h5 34.
Rg2 Bxh4 35. Kh3 Bf6 36. Ba3 Rd8 37. Rc2 Be7 38. Bb2 c5 39. Rd2 Bf6 40. Kg3 a5
41. d5 exd5 42. Bxf6 Kxf6 43. cxd5 g5 44. Rd1 Kf5 45. fxg5 Kxg5 46. d6 Kf6 47.
Kf4 Ke6 48. Kxe4 Rxd6 49. Rh1 Rd5 50. Rg1 Re5+ 51. Kd3 b5 52. e4 Kd6 53. Rg8
Ke7 54. Ke3 Kf6 55. Rh8 Kg7 56. Ra8 h4 57. Ra7+ Kg6 58. Kf4 Rh5 59. Ra6+ Kf7
60. Kg4 h3 61. Ra7+ Ke6 62. Ra6+ Ke5 0-1

[Event "Accession A 2012/2013"]
[Site "Vitrolles"]
[Date "2012.10.20"]
[Round "2"]
[White "Tchifteyan, Philippe"]
[Black "Del Vecchio, Alain"]
[Result "1-0"]
[WhiteElo "1650"]
[BlackElo "1767"]
[PlyCount "111"]

1. d4 Nf6 2. c4 g6 3. Nc3 d6 4. Nf3 Bg7 5. e3 O-O 6. b4 c6 7. Bd3 Bg4 8. h3
Bxf3 9. Qxf3 Nbd7 10. Bb2 Re8 11. O-O e5 12. Ne4 Qe7 13. Nxf6+ Nxf6 14. Qd1 Nd7
15. Re1 f5 16. e4 f4 17. d5 c5 18. b5 Nf6 19. a4 Nh5 20. Be2 Nf6 21. Bg4 h5 22.
Be6+ Kh8 23. g4 h4 24. Kh2 Nh7 25. g5 Qxg5 26. Rg1 Qf6 27. Qg4 Nf8 28. Qg5 Qxg5
29. Rxg5 Nxe6 30. dxe6 Rxe6 31. Rg4 a6 32. Rxh4+ Kg8 33. Rg4 axb5 34. axb5 Rxa1
35. Bxa1 Kf7 36. Rg1 Re8 37. Bc3 Ra8 38. Ra1 Rxa1 39. Bxa1 Kf6 40. Bc3 b6 41.
Ba5 Ke6 42. Bxb6 Kd7 43. Kg2 Kc8 44. Kf3 Bf6 45. Kg4 Kb7 46. Ba5 Be7 47. h4 Kc8
48. h5 gxh5+ 49. Kxh5 Kd7 50. f3 Bf6 51. Kg6 Bd8 52. Bxd8 Kxd8 53. Kf5 Kd7 54.
b6 Kc6 55. Ke6 Kxb6 56. Kxd6 1-0

[Event "Accession A 2012/2013"]
[Site "Vitrolles"]
[Date "2012.10.20"]
[Round "2"]
[White "Urcun, Gael"]
[Black "Bertrand, Alexandre"]
[Result "0-1"]
[WhiteElo "1689"]
[BlackElo "1706"]
[PlyCount "94"]

1. e4 e5 2. Bc4 Nf6 3. d3 c6 4. Nf3 d5 5. Bb3 a5 6. a3 a4 7. Ba2 Bd6 8. O-O O-O
9. Bg5 Be6 10. Re1 Nbd7 11. Nc3 Qb6 12. exd5 cxd5 13. Rb1 d4 14. Bxe6 dxc3 15.
Bxd7 Nxd7 16. bxc3 Qc7 17. Bc1 Qxc3 18. Bb2 Qc7 19. h3 Rfc8 20. Ng5 Be7 21. Nf3
Qxc2 22. Nxe5 Qxd1 23. Rbxd1 Nxe5 24. Rxe5 Bf6 25. Rb5 Bxb2 26. Rxb2 Rc3 27. d4
Rxa3 28. d5 Rb3 29. Re2 Rc3 30. d6 Rcc8 31. d7 Rd8 32. Rb2 Rab8 33. f3 Kf8 34.
Re2 b5 35. Re5 Rb7 36. Rdd5 Rdxd7 37. Rxd7 Rxd7 38. Rxb5 Ra7 39. Kf2 a3 40. Rb1
a2 41. Ra1 Ke7 42. Ke3 Ra4 43. Kd3 Kd6 44. Kc3 Kd5 45. Kd3 Ra3+ 46. Ke2 Kc4 47.
Kd2 Kb3 0-1

[Event "Accession A 2012/2013"]
[Site "Vitrolles"]
[Date "2012.10.20"]
[Round "2"]
[White "Colandrea, Sauveur"]
[Black "Montanelli, Tristan"]
[Result "1-0"]
[WhiteElo "1839"]
[BlackElo "1678"]
[PlyCount "66"]

1. e4 c5 2. Nf3 e6 3. d4 cxd4 4. Nxd4 Qb6 5. Nb3 Qb4+ 6. Nc3 Nf6 7. a3 Qb6 8.
Be3 Qc6 9. Qf3 a6 10. Be2 b5 11. O-O Qc7 12. e5 Bb7 13. Qf4 Nd5 14. Nxd5 Bxd5
15. Bf3 Bxf3 16. Qxf3 Nc6 17. Bf4 g6 18. Rfe1 Bg7 19. Qe4 O-O 20. Nd2 Rac8 21.
c4 Qb6 22. b4 Qd4 23. Qxd4 Nxd4 24. Rac1 f6 25. exf6 Rxf6 26. Be5 Rff8 27. c5
Rf5 28. Bxg7 Kxg7 29. Ne4 Rd5 30. Rcd1 Kf8 31. Nc3 Nc2 32. Nxd5 Nxe1 33. Nb6
Nc2 1-0

[Event "Accession A 2012/2013"]
[Site "Vitrolles"]
[Date "2012.10.20"]
[Round "2"]
[White "Bouillot, Quentin"]
[Black "Derien, Robert"]
[Result "1-0"]
[WhiteElo "1692"]
[BlackElo "1699"]
[PlyCount "157"]

1. d4 Nf6 2. c4 e5 3. dxe5 Ng4 4. Nf3 Nc6 5. Bf4 Bb4+ 6. Nbd2 Qe7 7. e3 Ngxe5
8. Nxe5 Nxe5 9. Be2 d6 10. Bxe5 dxe5 11. O-O O-O 12. a3 Bxd2 13. Qxd2 Be6 14.
Rfd1 f5 15. Qa5 c5 16. Qc3 Qc7 17. Rd2 Rad8 18. Rad1 Rxd2 19. Rxd2 e4 20. b4 b6
21. h3 f4 22. exf4 Qxf4 23. Qe3 Qe5 24. bxc5 bxc5 25. Bf3 Rb8 26. Bxe4 Qa1+ 27.
Kh2 Qe5+ 28. g3 Qf6 29. Qxc5 Qh6 30. Rd1 Qxh3+ 31. Kg1 Qg4 32. Qd6 Re8 33. Re1
g6 34. Bd5 Kf7 35. Qd7+ Re7 36. Bxe6+ Qxe6 37. Rxe6 Rxd7 38. Rc6 Rb7 39. Kg2
Kg7 40. Kh3 Kh6 41. Kg4 Rf7 42. f4 Kg7 43. c5 h5+ 44. Kh4 Rb7 45. Rc8 Kf6 46.
g4 hxg4 47. Kxg4 a5 48. Ra8 Rb5 49. Ra6+ Kg7 50. c6 Rc5 51. Ra7+ Kf6 52. c7 Ke6
53. c8=Q+ Rxc8 54. Rxa5 Kf7 55. Kg5 Rc6 56. a4 Kg7 57. Ra8 Rc5+ 58. Kg4 Rc7 59.
a5 Kf7 60. Ra6 Rc5 61. Ra8 Ke7 62. Kh4 Kd7 63. Ra6 Kc7 64. Rxg6 Rxa5 65. Rg5
Ra8 66. f5 Kd7 67. Rg7+ Kd6 68. Kg5 Rf8 69. f6 Re8 70. Kf5 Re5+ 71. Kg6 Re1 72.
Rg8 Rg1+ 73. Kf7 Rf1 74. Ra8 Ke5 75. Ke7 Re1 76. f7 Kf5+ 77. Kd6 Rd1+ 78. Kc5
Rc1+ 79. Kd4 1-0

[Event "Accession A 2012/2013"]
[Site "Vitrolles"]
[Date "2012.10.20"]
[Round "2"]
[White "Estevez, Ange"]
[Black "Vallette, Patrick"]
[Result "0-1"]
[WhiteElo "1628"]
[BlackElo "1800"]
[PlyCount "66"]

1. e4 e6 2. d4 d5 3. Nc3 Bb4 4. e5 c5 5. a3 Bxc3+ 6. bxc3 Qc7 7. Bb5+ Bd7 8.
Bxd7+ Nxd7 9. Nf3 Ne7 10. O-O h6 11. a4 Rc8 12. Rb1 Nb6 13. dxc5 Nxa4 14. Qd4
Nxc5 15. Ba3 b6 16. Bxc5 Qxc5 17. Qa4+ Nc6 18. Nd4 O-O 19. Nxc6 Rxc6 20. Qxa7
Qxc3 21. Rxb6 Rxb6 22. Qxb6 Qxc2 23. h3 Rc8 24. Qd6 Qc7 25. Qa6 Rb8 26. Ra1
Qxe5 27. Qa7 Qb2 28. Rd1 Qb6 29. Qd7 Rd8 30. Qa4 d4 31. Qc2 e5 32. Rb1 Qd6 33.
Qd3 Qc6 0-1

[Event "Accession A 2012/2013"]
[Site "Vitrolles"]
[Date "2012.11.10"]
[Round "3"]
[White "Bertrand, Alexandre"]
[Black "Colandreas, Sauveur"]
[Result "1-0"]
[WhiteElo "1706"]
[BlackElo "1839"]
[PlyCount "85"]

1. e4 Nf6 2. e5 Nd5 3. c4 Nb6 4. d4 d6 5. f4 Bf5 6. Nc3 dxe5 7. fxe5 e6 8. Nf3
Be7 9. Be2 O-O 10. O-O f6 11. Be3 fxe5 12. Nxe5 N8d7 13. Nxd7 Qxd7 14. Qb3 c6
15. Rad1 Rad8 16. c5 Nd5 17. Nxd5 exd5 18. Bf4 Rde8 19. Bh5 g6 20. Qg3 Bf6 21.
Bd6 Rf7 22. Bf3 Bg7 23. Rfe1 Rf6 24. Rxe8+ Qxe8 25. Be5 Re6 26. Bxg7 Kxg7 27.
Kf2 Qf7 28. Qf4 Re7 29. g4 Be4 30. Qg3 Qf6 31. Kg2 Rf7 32. Bxe4 dxe4 33. Qe5
Re7 34. Qxf6+ Kxf6 35. Re1 g5 36. Kf2 b6 37. b4 bxc5 38. bxc5 h6 39. Ke3 Ke6
40. Rf1 Kd5 41. Rf6 h5 42. gxh5 Rh7 43. Rf5+ 1-0

[Event "Accession A 2012/2013"]
[Site "Vitrolles"]
[Date "2012.11.10"]
[Round "3"]
[White "Derien, Robert"]
[Black "Estevez, Ange"]
[Result "1-0"]
[WhiteElo "1699"]
[BlackElo "1628"]
[PlyCount "63"]

1. e4 e5 2. Nf3 Nc6 3. Bc4 Nf6 4. d3 Bc5 5. Nc3 h6 6. a3 O-O 7. O-O Re8 8. h3
a6 9. b4 Bf8 10. Bb2 d6 11. Nd5 g5 12. Nh2 Bg7 13. Qf3 Nd4 14. Bxd4 exd4 15.
Nxf6+ Qxf6 16. Qh5 Re7 17. Rae1 Be6 18. Bxe6 Qxe6 19. f4 Qg6 20. Qf3 gxf4 21.
Qxf4 Be5 22. Qf5 Qxf5 23. Rxf5 Bxh2+ 24. Kxh2 Kh7 25. Ref1 Rf8 26. h4 c6 27. h5
b6 28. Rf6 Rd7 29. R1f5 c5 30. bxc5 bxc5 31. e5 dxe5 32. Rxe5 1-0

[Event "Accession A 2012/2013"]
[Site "Vitrolles"]
[Date "2012.11.10"]
[Round "3"]
[White "Montanelli, Tristan"]
[Black "Bouillot, Quentin"]
[Result "1-0"]
[WhiteElo "1678"]
[BlackElo "1692"]
[PlyCount "77"]

1. c4 Nf6 2. e3 e5 3. a3 Nc6 4. Nc3 a5 5. Nf3 Bc5 6. d4 exd4 7. exd4 Ba7 8. Be2
h6 9. Nb5 O-O 10. O-O d5 11. Bf4 Bb8 12. b3 Ne7 13. c5 Nf5 14. Bd3 c6 15. Bxf5
Bxf4 16. Bxc8 Rxc8 17. Nc3 Re8 18. Qc2 b6 19. Rfe1 bxc5 20. dxc5 Rxe1+ 21. Rxe1
Nd7 22. g3 Bc7 23. Ne2 Qf6 24. Ned4 Be5 25. Nxe5 Nxe5 26. Qd2 Ra8 27. f4 Nd7
28. b4 axb4 29. axb4 Rb8 30. b5 Nxc5 31. Nxc6 Ne4 32. Qd3 Rb6 33. Qxd5 Nc3 34.
Ne7+ Kh7 35. Qd8 Rb8 36. Qxb8 Qd4+ 37. Kg2 Qd2+ 38. Kh3 Qd7+ 39. f5 1-0

[Event "Accession A 2012/2013"]
[Site "Vitrolles"]
[Date "2012.11.10"]
[Round "3"]
[White "Valette, Patrick"]
[Black "Tchifteyan, Philippe"]
[Result "1-0"]
[WhiteElo "1800"]
[BlackElo "1650"]
[PlyCount "117"]

1. e4 c5 2. Nf3 Nc6 3. Bb5 a6 4. Bxc6 bxc6 5. c4 d5 6. exd5 cxd5 7. cxd5 Qxd5
8. Nc3 Qe6+ 9. Qe2 Qxe2+ 10. Kxe2 e6 11. d3 Bb7 12. Be3 Nf6 13. Na4 Nd7 14.
Rac1 Rc8 15. Rc3 Be7 16. Rhc1 Bf6 17. d4 O-O 18. Nxc5 Nxc5 19. Rxc5 Ra8 20. g4
h6 21. Ne5 Bd8 22. Nd7 Re8 23. R5c3 Re7 24. Nc5 Bd5 25. a3 g5 26. Nd3 Bb7 27.
Ne5 Kg7 28. Nc6 Re8 29. Nxd8 Raxd8 30. Rc7 Bc8 31. R1c5 Kg6 32. Ra7 e5 33. dxe5
Bxg4+ 34. f3 Bc8 35. Rc6+ Re6 36. Rac7 Rxc6 37. Rxc6+ Kg7 38. f4 g4 39. Rc7 h5
40. Bf2 Be6 41. Rc6 Rc8 42. Rxc8 Bxc8 43. Kd3 Kg6 44. Bh4 Kf5 45. Ke3 Bb7 46.
Bg5 Bc6 47. Kd4 Bb5 48. b3 Ke6 49. a4 Bc6 50. Kc5 Kd7 51. Kb6 Bd5 52. b4 Bc4
53. b5 axb5 54. axb5 Bd5 55. Ka7 Kc8 56. b6 Be4 57. f5 Kd7 58. b7 Bxb7 59. Kxb7
1-0

[Event "Accession A 2012/2013"]
[Site "Vitrolles"]
[Date "2012.12.01"]
[Round "4"]
[White "Derien, Robert"]
[Black "Montanelli, Tristan"]
[Result "0-1"]
[WhiteElo "1713"]
[BlackElo "1678"]
[PlyCount "62"]

1. e4 c5 2. Nf3 Nc6 3. c3 e6 4. d4 Nf6 5. e5 Nd5 6. Bd3 cxd4 7. cxd4 Be7 8. O-O
O-O 9. Nc3 d6 10. Be4 Nxc3 11. Bxh7+ Kxh7 12. Qd3+ Kg8 13. Qxc3 dxe5 14. dxe5
f6 15. exf6 Bxf6 16. Qc2 Nd4 17. Nxd4 Bxd4 18. Bd2 Qf6 19. Be3 e5 20. Bxd4 exd4
21. Rad1 Be6 22. b3 Rac8 23. Qe4 d3 24. Rd2 Qf5 25. Qxb7 Bd5 26. Qxa7 Qg5 27.
f4 Rxf4 28. Rdf2 Rxf2 29. Qxf2 d2 30. g3 Rc1 31. Qd4 Qf5 0-1

[Event "Accession A 2012/2013"]
[Site "Vitrolles"]
[Date "2012.12.01"]
[Round "4"]
[White "Urcun, Gael"]
[Black "Valette, Patrick"]
[Result "0-1"]
[WhiteElo "1689"]
[BlackElo "1800"]
[PlyCount "72"]

1. e4 e6 2. d3 d5 3. Nd2 c5 4. Ngf3 Nc6 5. g3 Be7 6. Bg2 dxe4 7. dxe4 e5 8. O-O
Nf6 9. c3 O-O 10. Qe2 a6 11. Nc4 Qc7 12. Ne3 Rd8 13. Nh4 Be6 14. Nhf5 Bf8 15.
f4 b5 16. fxe5 Nxe5 17. b3 Rab8 18. g4 g6 19. g5 Nh5 20. Nd5 Rxd5 21. exd5 Bxf5
22. Rxf5 gxf5 23. Qxh5 Ng4 24. h3 Qg3 25. hxg4 Re8 26. Bd2 Re2 27. Qh3 Qxh3 28.
Bxh3 fxg4 29. Bf4 gxh3 30. d6 Re4 31. Bg3 Re3 32. Kf2 Rd3 33. Ke2 Rxg3 34. Rd1
h2 35. d7 Be7 36. Kf2 Rg1 0-1

[Event "Accession A 2012/2013"]
[Site "Vitrolles"]
[Date "2012.12.01"]
[Round "4"]
[White "Estevez, Ange"]
[Black "Tchifteyan, Philippe"]
[Result "0-1"]
[WhiteElo "1628"]
[BlackElo "1645"]
[PlyCount "96"]

1. e4 c5 2. Nf3 Nc6 3. d4 cxd4 4. Nxd4 Nf6 5. Nc3 d6 6. Be2 g6 7. Be3 Bg7 8.
Qd2 h5 9. h3 Bd7 10. f4 Bh6 11. Nf3 Qa5 12. Bd3 a6 13. a3 b5 14. O-O Qc7 15.
Nd5 Nxd5 16. exd5 Na5 17. Bd4 Rg8 18. b3 Nb7 19. b4 Nd8 20. Rfe1 Kf8 21. Ng5 f6
22. Qe3 Bc8 23. Nh7+ Kf7 24. Re2 Rb8 25. Rae1 Rb7 26. g4 hxg4 27. hxg4 Bxg4 28.
Rg2 Qd7 29. Qf2 Bf5 30. Bxf5 Qxf5 31. c3 Qxd5 32. Ng5+ Bxg5 33. fxg5 f5 34. Qh4
e5 35. Qh7+ Rg7 36. Qh8 Ne6 37. Be3 Rd7 38. Rh2 Rd8 39. Qh3 f4 40. Rf2 Kg8 41.
Rd2 Qc4 42. Bb6 Rdd7 43. Qg4 Nf8 44. Qg2 Rh7 45. Qa8 Qxc3 46. Qd5+ Kh8 47. Bd4
Qg3+ 48. Rg2 Qxe1# 0-1

[Event "Accession A 2012/2013"]
[Site "Vitrolles"]
[Date "2012.12.01"]
[Round "4"]
[White "Bouillot, Quentin"]
[Black "Bertrand, Alexandre"]
[Result "0-1"]
[WhiteElo "1685"]
[BlackElo "1754"]
[PlyCount "104"]

1. d4 d5 2. c4 dxc4 3. Nc3 Nf6 4. e4 e5 5. d5 b5 6. Bg5 a6 7. Nf3 Bd6 8. Be2 h6
9. Bh4 Bg4 10. Nd2 Bxe2 11. Qxe2 g5 12. Bg3 c6 13. Nf3 Qe7 14. a4 b4 15. Nd1
cxd5 16. exd5 e4 17. Bxd6 Qxd6 18. Nd2 Qxd5 19. Nxc4 Nbd7 20. O-O O-O 21. Nde3
Qd3 22. Qxd3 exd3 23. Rfd1 Nc5 24. Ne5 Nb3 25. Rab1 d2 26. Nc6 Kg7 27. Nf1 Rac8
28. Nxb4 Rfd8 29. Na2 Rd3 30. Ne3 Nd5 31. Nxd5 Rxd5 32. Nc3 Rd4 33. Kf1 Re8 34.
f3 f5 35. Kf2 Kg6 36. Rf1 Rb8 37. Rfd1 Re8 38. Rf1 Nc5 39. Rfd1 Nd3+ 40. Kf1
Re1+ 41. Rxe1 dxe1=Q+ 42. Rxe1 Nxe1 43. Kxe1 Rb4 44. Nd1 Rxa4 45. Kd2 Rd4+ 46.
Kc2 Kf6 47. Ne3 Ke5 48. Kc3 Rd8 49. b3 Kf4 50. Nc2 g4 51. fxg4 fxg4 52. Nd4 Ke4
0-1

[Event "Accession A 2012/2013"]
[Site "Vitrolles"]
[Date "2012.12.15"]
[Round "5"]
[White "Tchifteyan, Philippe"]
[Black "Urcun, Gael"]
[Result "1/2-1/2"]
[WhiteElo "1645"]
[BlackElo "1689"]
[PlyCount "84"]

1. e4 c6 2. d4 d5 3. e5 Bf5 4. g4 Bd7 5. c4 e6 6. c5 a5 7. Nc3 b6 8. Na4 bxc5
9. dxc5 Na6 10. Be3 Qb8 11. a3 Qxe5 12. Nf3 Qc7 13. Bd4 f6 14. Bxa6 Rxa6 15.
Qe2 Ra7 16. O-O Nh6 17. g5 Nf5 18. gxf6 Nxd4 19. Nxd4 e5 20. fxg7 Bxg7 21. Qh5+
Kf8 22. Nf5 Be6 23. Nxg7 Qxg7+ 24. Kh1 d4 25. f3 Qf6 26. Rae1 Bc4 27. Rf2 Re7
28. Nb6 Bf7 29. Qg4 Be6 30. Qe4 Bf5 31. Qe2 Kf7 32. Nc4 Rhe8 33. Nd6+ Kf8 34.
Nxe8 Rxe8 35. Qd2 Qe6 36. Qxa5 Qd5 37. b4 e4 38. fxe4 Rxe4 39. Rxf5+ Qxf5 40.
Qd8+ Kf7 41. Qc7+ Kf8 42. Qd6+ Kf7 1/2-1/2

[Event "Accession A 2012/2013"]
[Site "Vitrolles"]
[Date "2012.12.15"]
[Round "5"]
[White "Montanelli, Tristan"]
[Black "Estevez, Ange"]
[Result "1-0"]
[WhiteElo "1678"]
[BlackElo "1628"]
[PlyCount "61"]

1. d4 Nf6 2. Nc3 d5 3. Bg5 e6 4. e4 dxe4 5. Nxe4 Be7 6. Nxf6+ Bxf6 7. Bxf6 Qxf6
8. Nf3 O-O 9. Bd3 Nc6 10. c3 Ne7 11. O-O Ng6 12. Qc2 Bd7 13. Be4 c6 14. Rae1
Rfe8 15. Re3 Qd8 16. Bxg6 fxg6 17. Ne5 Rf8 18. f4 Rf6 19. g3 Be8 20. Ng4 Rf8
21. Rfe1 Bd7 22. Ne5 Be8 23. Qb3 Qd5 24. Qxb7 c5 25. Qxd5 exd5 26. dxc5 Bb5 27.
Rd1 Rad8 28. c6 Rc8 29. Rxd5 Bxc6 30. Nxc6 Rxc6 31. Rd7 1-0

[Event "Accession A 2012/2013"]
[Site "Vitrolles"]
[Date "2012.12.15"]
[Round "5"]
[White "Valette, Patrick"]
[Black "Colandrea, Sauveur"]
[Result "0-1"]
[WhiteElo "1800"]
[BlackElo "1839"]
[PlyCount "94"]

1. e4 Nf6 2. e5 Nd5 3. d4 d6 4. Nf3 dxe5 5. Nxe5 Nd7 6. c4 N5b6 7. Bd3 Nxe5 8.
dxe5 Be6 9. c5 Nd7 10. Qa4 c6 11. Qc2 Nxe5 12. Be4 Bc4 13. Qc3 Nd3+ 14. Bxd3
Qxd3 15. Qxd3 Bxd3 16. Be3 O-O-O 17. Nc3 g6 18. O-O-O Bg7 19. Na4 Bc4 20. b3
Be2 21. Rde1 Bg4 22. Bg5 Bf6 23. Bxf6 exf6 24. f3 Bf5 25. Rd1 h5 26. Nc3 Rhe8
27. Rxd8+ Kxd8 28. Rd1+ Kc7 29. Rd2 Re3 30. Kb2 h4 31. Re2 Rd3 32. Ne4 Bxe4 33.
fxe4 h3 34. g3 Rf3 35. Kc2 Kd7 36. Kd2 Ke6 37. Re3 Rf2+ 38. Re2 Rg2 39. Ke3 Ke5
40. Rxg2 hxg2 41. Kf2 g1=Q+ 42. Kxg1 Kxe4 43. Kf2 f5 44. h4 Kd5 45. Kf3 Kxc5
46. g4 fxg4+ 47. Kxg4 Kd5 0-1

[Event "Accession A 2012/2013"]
[Site "Vitrolles"]
[Date "2012.12.??"]
[Round "5"]
[White "Bertrand, Alexandre"]
[Black "Derien, Robert"]
[Result "1/2-1/2"]
[WhiteElo "1764"]
[BlackElo "1713"]
[PlyCount "134"]

1. e4 e5 2. Nf3 Nc6 3. Bb5 d6 4. d4 exd4 5. Nxd4 Bd7 6. Nxc6 bxc6 7. Bc4 Nf6 8.
Nc3 Be7 9. O-O O-O 10. Bf4 Rb8 11. Bb3 Rb4 12. a3 Rb8 13. h3 h6 14. e5 Ne8 15.
Qf3 Kh8 16. Ne4 d5 17. Ng3 Be6 18. Rad1 f6 19. Qe3 g5 20. exf6 gxf4 21. fxe7
Qxe7 22. Qe5+ Qf6 23. Qxf6+ Rxf6 24. Ne2 Nd6 25. Nd4 Bd7 26. Nf3 Rg8 27. Kh2
Rfg6 28. Rg1 Re6 29. Rde1 Rge8 30. Rxe6 Rxe6 31. Re1 Ne4 32. Nd4 Re8 33. f3 Nc5
34. Rxe8+ Bxe8 35. Ne2 Ne6 36. c3 Kg7 37. g3 fxg3+ 38. Kxg3 Kf6 39. Nf4 Ng7 40.
Nd3 Nh5+ 41. Kg4 Ng7 42. Nc5 Bh5+ 43. Kf4 Be8 44. c4 Ne6+ 45. Nxe6 Kxe6 46. Ke3
Kd6 47. Ba2 a5 48. b4 axb4 49. axb4 c5 50. bxc5+ Kxc5 51. cxd5 c6 52. Ke4 Kd6
53. dxc6 Bxc6+ 54. Kf4 Ke7 55. Bb1 Kf6 56. Be4 Bd7 57. h4 Bc8 58. h5 Bd7 59.
Bg6 Bc8 60. Ke4 Bb7+ 61. Ke3 Bc8 62. f4 Bd7 63. Kd4 Be6 64. Kc5 Bf5 65. Kd5
Be6+ 66. Kd6 Bg4 67. Kd5 Bxh5 1/2-1/2

[Event "Accession A 2012/2013"]
[Site "Vitrolles"]
[Date "2013.01.19"]
[Round "6"]
[White "Estevez, Ange"]
[Black "Urcun, Gael"]
[Result "1-0"]
[WhiteElo "1628"]
[BlackElo "1689"]
[PlyCount "75"]

1. e4 c6 2. d4 d5 3. exd5 cxd5 4. Bd3 Nf6 5. Bf4 Nc6 6. c3 Qb6 7. Na3 a6 8. Rb1
e6 9. Nc2 Be7 10. Nf3 O-O 11. O-O Qd8 12. Re1 Bd7 13. Ne5 Rc8 14. Ne3 Ne4 15.
Nxd7 Qxd7 16. f3 Nf6 17. Bg5 h6 18. Bxf6 Bxf6 19. Ng4 Bg5 20. Qe2 Bf4 21. g3
Bd6 22. f4 Rce8 23. Ne5 Nxe5 24. fxe5 Be7 25. Rf1 b5 26. a3 Rb8 27. b4 Rfc8 28.
Rbc1 Rb6 29. h4 Rbc6 30. Qh5 f5 31. exf6 Bxf6 32. Qg6 Qf7 33. Qh7+ Kf8 34. Bg6
Qc7 35. Kg2 Ke7 36. Rxf6 Kd6 37. Rf7 Qb6 38. Qxg7 1-0

[Event "Accession A 2012/2013"]
[Site "Vitrolles"]
[Date "2013.01.19"]
[Round "6"]
[White "Bouillot, Quentin"]
[Black "Valette, Patrick"]
[Result "1-0"]
[WhiteElo "1685"]
[BlackElo "1800"]
[PlyCount "79"]

1. d4 b6 2. c4 f5 3. Nc3 Nf6 4. Bg5 e6 5. e3 Bb7 6. Nf3 Be7 7. Be2 O-O 8. O-O
Ne4 9. Bxe7 Qxe7 10. Ne5 d6 11. Nd3 Nd7 12. Bf3 Ndf6 13. Nf4 Nxc3 14. bxc3 Bxf3
15. Qxf3 Ne4 16. Rfc1 g5 17. Nh5 Qf7 18. Ng3 Nxg3 19. Qxg3 Qg7 20. Re1 Rf6 21.
e4 f4 22. Qg4 Qg6 23. e5 Rf5 24. exd6 cxd6 25. Qe2 Rf6 26. f3 Rc8 27. Rab1 h5
28. h3 Rcf8 29. Rb2 Re8 30. Rb5 Kf7 31. c5 dxc5 32. dxc5 bxc5 33. Rxc5 Re7 34.
Qb5 g4 35. hxg4 hxg4 36. Rg5 Qc2 37. Rxg4 Rf5 38. Qb8 Re8 39. Qxa7+ Re7 40.
Rg7+ 1-0

[Event "Accession A 2012/2013"]
[Site "Vitrolles"]
[Date "2013.01.19"]
[Round "6"]
[White "Montanelli, Tristan"]
[Black "Bertrand, Alexandre"]
[Result "0-1"]
[WhiteElo "1678"]
[BlackElo "1744"]
[PlyCount "76"]

1. b4 e5 2. Bb2 Bxb4 3. f4 exf4 4. Bxg7 Qh4+ 5. g3 fxg3 6. Bg2 gxh2+ 7. Kf1
hxg1=Q+ 8. Kxg1 Qg5 9. Bxh8 h6 10. Bc3 Be7 11. e3 d6 12. Rh5 Qg6 13. Qf3 Nc6
14. Rh2 Be6 15. d3 Nf6 16. Bxf6 Bxf6 17. d4 Nxd4 18. Qxb7 Rc8 19. Kh1 Nf5 20.
c3 Be5 21. Bc6+ Ke7 22. Rg2 Qh5+ 23. Kg1 Ng3 24. Nd2 Qh1+ 25. Kf2 Qxa1 26. Rxg3
Bxg3+ 27. Kxg3 Qxc3 28. Nf3 Qxe3 29. Qb2 Rg8+ 30. Kh2 Qf4+ 31. Kh1 Qg3 32. Qe2
Qh3+ 33. Nh2 Rg5 34. Bf3 Qg3 35. Qe3 Re5 36. Qd3 Re1+ 37. Nf1 Qh3+ 38. Kg1
Qxf1+ 0-1

[Event "Accession A 2012/2013"]
[Site "Vitrolles"]
[Date "2013.01.19"]
[Round "6"]
[White "Colandrea, Sauveur"]
[Black "Tchifteyan, Philippe"]
[Result "1-0"]
[WhiteElo "1817"]
[BlackElo "1650"]
[PlyCount "81"]

1. Nf3 d5 2. c4 d4 3. g3 c5 4. Bg2 Nc6 5. O-O e5 6. d3 Bd6 7. a3 a5 8. e3 Nge7
9. exd4 Nxd4 10. Re1 Bg4 11. Nbd2 Nec6 12. Nxe5 Nxe5 13. Qxg4 O-O 14. Rxe5 Bxe5
15. Bxb7 Rb8 16. Bd5 Kh8 17. Nf3 Nxf3+ 18. Qxf3 Bxb2 19. Bxb2 Rxb2 20. Qe3 Qb6
21. Kg2 Qd6 22. Re1 Rb3 23. a4 Ra3 24. Qe8 g6 25. Qb5 Qc7 26. Qb2+ Kg8 27. Qxa3
Qb6 28. Re7 Qb4 29. Qxb4 axb4 30. Rb7 Kg7 31. a5 Kf6 32. a6 Ke5 33. a7 Kd4 34.
Rb8 Rxb8 35. axb8=Q Kxd3 36. Qe5 f5 37. Qe3+ Kc2 38. Qxc5 b3 39. Qb4 b2 40. c5
b1=Q 41. Qxb1+ 1-0

[Event "Accession A 2012/2013"]
[Site "Vitrolles"]
[Date "2013.02.02"]
[Round "7"]
[White "Tchifteyan, Philippe"]
[Black "Bouillot, Quentin"]
[Result "0-1"]
[WhiteElo "1685"]
[BlackElo "2650"]
[PlyCount "112"]

1. e4 e5 2. Nf3 Nc6 3. d4 exd4 4. Nxd4 Nf6 5. Nxc6 bxc6 6. Bd3 Bc5 7. Nc3 d6 8.
Na4 Nd7 9. O-O O-O 10. Nxc5 Nxc5 11. Qh5 Qe7 12. f3 Nxd3 13. cxd3 Qf6 14. Rb1
Qd4+ 15. Kh1 Qxd3 16. Bf4 Be6 17. Qa5 Qb5 18. Qxc7 Bxa2 19. Ra1 Bc4 20. Rfc1 d5
21. exd5 cxd5 22. Be5 a6 23. Bc3 f6 24. Rd1 Rf7 25. Qg3 a5 26. Qd6 a4 27. Re1
Qd7 28. Qc5 Bb3 29. Re3 Rc8 30. Qa3 d4 31. Rd3 Rc4 32. Bb4 Bc2 33. Rd2 d3 34.
b3 axb3 35. Bc5 g6 36. Bf2 Qb7 37. Qb2 Rc8 38. Bd4 Qc6 39. Rf2 Rd8 40. Be3 Ra8
41. Rff1 Rxa1 42. Rxa1 Qd6 43. Bh6 Qd8 44. Qc3 Rc7 45. Qa5 Kf7 46. Re1 g5 47.
Bxg5 fxg5 48. Qf5+ Kg8 49. Qe6+ Rf7 50. Qc6 Qf6 51. Qe8+ Kg7 52. Re6 d2 53. h3
d1=Q+ 54. Kh2 Qf4+ 55. g3 Qxg3+ 56. Kxg3 Qg1# 0-1